चिंगारी तथा अन्य लघुकथाएँ: (Record no. 184793)

MARC details
000 -LEADER
fixed length control field 01537nam a22002417a 4500
005 - DATE AND TIME OF LATEST TRANSACTION
control field 20220824152426.0
010 ## - LCCN (DPL NO)
LC control number B-742243-244 B-745212 HIN-21-22
020 ## - INTERNATIONAL STANDARD BOOK NUMBER
International Standard Book Number 9788195213337
Terms of availability 300.00
035 ## - SYSTEM CONTROL NUMBER
System control number B-742243-244
035 ## - SYSTEM CONTROL NUMBER
System control number B-745212
037 ## - SOURCE OF ACQUISITION
Source of stock number/acquisition एस॰ पी॰ कौशिक इंटरप्राइजेज
037 ## - SOURCE OF ACQUISITION
Source of stock number/acquisition उपहार
082 ## - DEWEY DECIMAL CLASSIFICATION NUMBER
Classification number
100 ## - MAIN ENTRY--PERSONAL NAME
Personal name वर्मा, अशोक
245 ## - TITLE STATEMENT
Title चिंगारी तथा अन्य लघुकथाएँ:
Remainder of title अशोक वर्मा की चुनी हुई 55 लघुकथाएं/
Statement of responsibility, etc अशोक वर्मा
250 ## - EDITION STATEMENT
Edition statement 2022
260 ## - PUBLICATION, DISTRIBUTION, ETC. (IMPRINT)
Place of publication, distribution, etc दिल्ली
Name of publisher, distributor, etc एस॰ पी॰ कौशिक इंटरप्राइजेज
Date of publication, distribution, etc 2022
270 ## - ADDRESS
Address ए-49, भू-तल, गली न॰-6, जगतपुरी एक्सटेंशन
City दिल्ली
Postal code 110093
Telephone number 8851515756
Electronic mail address spkaushikenterprises@gmail.com
300 ## - PHYSICAL DESCRIPTION
Extent 95 पृ॰
Dimensions 22 सेमी॰ (सजिल्द)
942 ## - ADDED ENTRY ELEMENTS (KOHA)
Source of classification or shelving scheme Dewey Decimal Classification
Item type Hindi Books
Call number suffix वर्माअ
Classification part
Holdings
Withdrawn status Lost status Not for loan Collection code Home library Current library Date acquired Source of acquisition Cost, normal purchase price Full call number Barcode Copy number Cost, replacement price Koha item type Public note
      Fiction Central Library Central Library 24/08/2022 उपहार/28.7.2022 300.00 क वर्माअ B-745212 1 300.00 Hindi Books उपहार
      Non-fiction R.C.Libraries (BL-III) R.C.Libraries (BL-III) 10/06/2022 एस॰ पी॰ कौशिक इंटरप्रा./1830/24.2.22/143/23.2.22/4.3.22 300.00 क वर्माअ B-742243 1 300.00 Hindi Books  
      Non-fiction RC4 Seelam Pur RC4 Seelam Pur 10/06/2022 एस॰ पी॰ कौशिक इंटरप्रा./1830/24.2.22/143/23.2.22/4.3.22 300.00 क वर्माअ B-742244 1 300.00 Hindi Books  

© Delhi Public Library
Hit Counter
free hit counter